000 00688nam a2200253Ia 4500
003 OSt
005 20220918201050.0
006 a|||||r|||| 00| 0
007 ta
008 220917b |||||||| |||| 00| 0 eng d
024 _a91,485
037 _cTextual
040 _aARTS
_cARTS
_beng
041 _2eng
_aeng
082 _aV1.N7, L9
100 _aSheikh Mohammad Iqbal
_996662
245 0 _aRealms of peace
260 _aDelhi
_bIdarah-I-Adabiyat-I Delli
_c1979
300 _a610p.
_ccm.
490 _aIAD religio-philosophy (Original) series; 3
650 _aWORLD HISTORY
942 _hV1.N7, L9
_cTEXL
_2CC
999 _c215144
_d215144